Conferencia sobre el servicio militar dada en el Centro de Asturianos en la noche del 15 de junio de 1887 / (Record no. 167612)

MARC details
000 -LEADER
campo de control de longitud fija 00701nam a22001695i 4500
001 - NÚMERO DE CONTROL
campo de control 167612
003 - IDENTIFICADOR DE NÚMERO DE CONTROL
campo de control ES-MaACL
005 - FECHA Y HORA DE LA ÚLTIMA TRANSACCIÓN
campo de control 20230906213548.0
008 - DATOS DE LONGITUD FIJA--INFORMACIÓN GENERAL
campo de control de longitud fija 050928s1887 sp | |||||||| ||spa d
040 ## - FUENTE DE CATALOGACIÓN
Centro catalogador/agencia de origen CAM
Lengua de catalogación spa
Centro/agencia transcriptor CAM
100 1# - ENTRADA PRINCIPAL--NOMBRE DE PERSONA
Nombre de persona Villaseñor y Ariño, Ricardo.
9 (RLIN) 133759
245 10 - MENCIÓN DEL TÍTULO
Título Conferencia sobre el servicio militar dada en el Centro de Asturianos en la noche del 15 de junio de 1887 /
Mención de responsabilidad, etc. por Ricardo Villaseñor y Ariño.
260 ## - PUBLICACIÓN, DISTRIBUCIÓN, ETC.
Lugar de publicación, distribución, etc. Madrid :
Nombre del editor, distribuidor, etc. [s.n.],
Fecha de publicación, distribución, etc. 1887 (
Fabricante Imprenta de Alfonso Rodero)
300 ## - DESCRIPCIÓN FÍSICA
Extensión 32 p. ;
Dimensiones 22 cm.
650 #4 - PUNTO DE ACCESO ADICIONAL DE MATERIA--TÉRMINO DE MATERIA
Término de materia o nombre geográfico como elemento de entrada Servicio militar.
9 (RLIN) 136868
852 ## - LOCALIZACIÓN
Ubicación ES-MaACL
Número de control de estantería T-466-F-5
Nota libre -- Enc. hol.
-- -- Dedic. ms. del autor al Ateneo de Madrid
-- -- Enc. en un vol. facticio
Holdings
Estatus retirado Estado de pérdida Estado de daño No para préstamo Colección Biblioteca de origen Biblioteca actual Ubicación en estantería Fecha de adquisición Total de préstamos Signatura topográfica completa Código de barras Visto por última vez Precio de reemplazo Tipo de ítem Koha
        Colección de folletos Biblioteca del Ateneo de Madrid Biblioteca del Ateneo de Madrid Depósito folletos 17/01/2008   T-466-F-5 1175845 23/02/2023 23/02/2023 Folleto